Tratado completo de obstetricia / (Record no. 37158)

MARC details
000 -LEADER
campo de control de longitud fija 00760nam a2200217 i 4500
001 - NÚMERO DE CONTROL
campo de control 37158
003 - IDENTIFICADOR DE NÚMERO DE CONTROL
campo de control ES-MaACL
005 - FECHA Y HORA DE LA ÚLTIMA TRANSACCIÓN
campo de control 20251120174839.0
007 - CAMPO FIJO DE DESCRIPCIÓN FÍSICA--INFORMACIÓN GENERAL
campo de control de longitud fija t|
008 - DATOS DE LONGITUD FIJA--INFORMACIÓN GENERAL
campo de control de longitud fija 030220q1906 sp ||||1| spa d
100 1# - ENTRADA PRINCIPAL--NOMBRE DE PERSONA
Nombre de persona Bumm, Ernest.
9 (RLIN) 32540
245 10 - MENCIÓN DEL TÍTULO
Título Tratado completo de obstetricia /
Mención de responsabilidad, etc. por Ernesto Bumm ; traducida directamente de la 14ª edición alemana por M. Montaner ; con un prólogo de Miguel Fargas.
250 ## - MENCION DE EDICION
Mención de edición 6ª ed española.
260 ## - PUBLICACIÓN, DISTRIBUCIÓN, ETC.
Lugar de publicación, distribución, etc. Barcelona :
Nombre del editor, distribuidor, etc. [s.n.,
Fecha de publicación, distribución, etc. 1906?] (
Fabricante Santiago Vives)
300 ## - DESCRIPCIÓN FÍSICA
Extensión XI, 888 p. :
Otras características físicas il. ;
Dimensiones 28 cm.
650 #7 - PUNTO DE ACCESO ADICIONAL DE MATERIA--TÉRMINO DE MATERIA
Término de materia o nombre geográfico como elemento de entrada Obstetricia
Fuente del encabezamiento o término embne
9 (RLIN) 15676
700 1# - ENTRADA AGREGADA--NOMBRE PERSONAL
Nombre de persona Montaner, M.
9 (RLIN) 82374
700 1# - ENTRADA AGREGADA--NOMBRE PERSONAL
Nombre de persona Fargas y Roca, Miguel A.,
Fechas asociadas al nombre 1858-1916
9 (RLIN) 147075
852 ## - LOCALIZACIÓN
Ubicación ES-MaACL
Número de control de estantería E-327
Holdings
Estatus retirado Estado de pérdida Estado de daño No para préstamo Biblioteca de origen Biblioteca actual Ubicación en estantería Fecha de adquisición Fuente de adquisición Total de préstamos Signatura topográfica completa Código de barras Visto por última vez Precio de reemplazo Tipo de ítem Koha
        Biblioteca del Ateneo de Madrid Biblioteca del Ateneo de Madrid Depósito 2 17/01/2008     E-327 1039094 23/02/2023 23/02/2023 Libro impreso